000 002750000a22000970004500
100 1 _aGarcía Viana, Luis Fernando
245 1 0 _aVivir en el mundo según las cartas pastorales
300 _avol. 57, núm 1 (1999), Páginas 311-329
773 0 _tEstudios Bíblicos
942 _cANA
999 _c50291
_d50291